| 000 | 00453nam a2200169Ia 4500 | ||
|---|---|---|---|
| 008 | 221030s9999 xx 000 0 und d | ||
| 020 | _a0070506167 | ||
| 041 | _aEnglish | ||
| 082 |
_a105.23 _bPot |
||
| 100 | _aM. C. Potter | ||
| 245 | 0 | _aSchaum`s Outline Series - Theory & Problems of Engineering Thermodynamics | |
| 260 |
_bMcGraw - Hill Pub. _aNew Delhi _c1993 |
||
| 300 | _a355 | ||
| 650 | _aMechanical | ||
| 700 | _aC. W. Somerton | ||
| 942 | _cBK | ||
| 999 |
_c1713 _d1713 |
||